[Event "Madrid ch Veteranos 2122"]
[Site "Madrid ESP"]
[Date "2022.04.04"]
[Round "6.1"]
[White "Barez Menendez, Hector"]
[Black "Candela Perez, Jose"]
[Result "1/2-1/2"]
[WhiteElo "2062"]
[BlackElo "2339"]
[PlyCount "45"]
[EventDate "2022.03.28"]
[EventType "swiss"]
[EventRounds "9"]
[EventCountry "ESP"]
[SourceTitle "Ajedrez en Madrid"]
[Source "lmi"]
[SourceDate "2022.03.28"]
[SourceVersion "1"]
[SourceVersionDate "2022.04.18"]
[SourceQuality "1"]

1. d4 d5 2. c4 e6 3. cxd5 exd5 4. Nc3 c6 5. Bf4 Bf5 6. e3 Nf6 7. Bd3 Bxd3 8.
Qxd3 Nbd7 9. Nf3 Be7 10. h3 O-O 11. O-O Re8 12. Rab1 a5 13. a3 a4 14. Qc2 Qa5
15. Rfd1 Rec8 16. Ne5 Nb6 17. b4 Qa6 18. Bg5 h6 19. Bh4 Nc4 20. Nxc4 Qxc4 21.
Rdc1 g5 22. Bg3 Ne4 23. Bh2 1/2-1/2

[Event "Madrid ch Veteranos 2122"]
[Site "Madrid ESP"]
[Date "2022.04.04"]
[Round "6.2"]
[White "Longa Yauca, Javier"]
[Black "Cabanas Bravo, Juan Andres"]
[Result "1-0"]
[WhiteElo "2239"]
[BlackElo "1903"]
[PlyCount "45"]
[EventDate "2022.03.28"]
[EventType "swiss"]
[EventRounds "9"]
[EventCountry "ESP"]
[SourceTitle "Ajedrez en Madrid"]
[Source "lmi"]
[SourceDate "2022.03.28"]
[SourceVersion "1"]
[SourceVersionDate "2022.04.18"]
[SourceQuality "1"]

1. c4 Nf6 2. Nc3 d5 3. d4 g6 4. g3 Bg7 5. Bg2 dxc4 6. e4 O-O 7. Nge2 Nfd7 8.
Be3 Na6 9. f4 c6 10. O-O Qa5 11. Qd2 Re8 12. e5 Nb6 13. f5 gxf5 14. Bh6 Bxh6
15. Qxh6 Nd5 16. Nf4 Qb6 17. Nh5 Qxd4+ 18. Kh1 Qxe5 19. Rae1 Qh8 20. Bxd5 cxd5
21. Nxd5 Be6 22. Rxe6 f6 23. Rfe1 1-0

[Event "Madrid ch Veteranos 2122"]
[Site "Madrid ESP"]
[Date "2022.04.04"]
[Round "6.3"]
[White "Pastor Alonso De Prado, Alberto"]
[Black "Vazquez Gonzalez, Jesus"]
[Result "1-0"]
[WhiteElo "2106"]
[BlackElo "1853"]
[PlyCount "109"]
[EventDate "2022.03.28"]
[EventType "swiss"]
[EventRounds "9"]
[EventCountry "ESP"]
[SourceTitle "Ajedrez en Madrid"]
[Source "lmi"]
[SourceDate "2022.03.28"]
[SourceVersion "1"]
[SourceVersionDate "2022.04.18"]
[SourceQuality "1"]

1. b3 e5 2. Bb2 Nc6 3. e3 Nf6 4. Bb5 d6 5. d4 exd4 6. exd4 Bd7 7. Qe2+ Qe7 8.
Nf3 a6 9. Bd3 Nb4 10. Kd1 Qxe2+ 11. Bxe2 Ng4 12. Rf1 Bf5 13. Na3 O-O-O 14. Nh4
Bd7 15. h3 Be7 16. Bxg4 Bxg4+ 17. hxg4 Bxh4 18. Nc4 Bf6 19. Kd2 b5 20. Ne3 c5
21. c3 cxd4 22. cxd4 Nc6 23. Rfc1 Kb7 24. Nd5 Bxd4 25. Bxd4 Nxd4 26. Rc7+ Kb8
27. Rxf7 Ne6 28. Nb4 Rdf8 29. Re7 Rxf2+ 30. Ke3 Rf6 31. Nxa6+ Kc8 32. Nb4 Nc5
33. Rc1 Rhf8 34. Nd3 Kd8 35. Rxg7 Re6+ 36. Kd2 Ne4+ 37. Kc2 Nf2 38. Nb4 Rf4 39.
Nc6+ Ke8 40. Kb1 Nd3 41. Nd4 Re1 42. Rxe1+ Nxe1 43. Nf5 Kf8 44. Rxh7 Rxg4 45.
Nxd6 b4 46. Rf7+ Kg8 47. Re7 Nd3 48. Re3 Nc5 49. g3 Rd4 50. Nc4 Rd1+ 51. Kc2
Rg1 52. Nd2 Ra1 53. Kb2 Rd1 54. Ne4 Rd5 55. Nf6+ 1-0

[Event "Madrid ch Veteranos 2122"]
[Site "Madrid ESP"]
[Date "2022.04.04"]
[Round "6.4"]
[White "Lopez de Turiso, Jose Angel"]
[Black "Herrero Reques, Sergio"]
[Result "0-1"]
[WhiteElo "1935"]
[BlackElo "2029"]
[PlyCount "124"]
[EventDate "2022.03.28"]
[EventType "swiss"]
[EventRounds "9"]
[EventCountry "ESP"]
[SourceTitle "Ajedrez en Madrid"]
[Source "lmi"]
[SourceDate "2022.03.28"]
[SourceVersion "1"]
[SourceVersionDate "2022.04.18"]
[SourceQuality "1"]

1. e4 c6 2. c4 d5 3. exd5 cxd5 4. cxd5 Nf6 5. Qa4+ Nbd7 6. Nc3 g6 7. Nf3 Bg7 8.
Bc4 O-O 9. d3 a6 10. Bf4 b5 11. Qc2 bxc4 12. dxc4 Nc5 13. O-O Bf5 14. Qd2 Nfe4
15. Nxe4 Nxe4 16. Qb4 Rc8 17. Rac1 Nc5 18. Ne5 Bxe5 19. Bxe5 Nd3 20. Qc3 Nxc1
21. Rxc1 Qd7 22. h3 f6 23. Bd4 g5 24. g4 Bg6 25. f3 Qd6 26. Kg2 Rfd8 27. Rd1 h5
28. gxh5 Bxh5 29. Qd3 Kg7 30. b3 Bg6 31. Qe3 Kf7 32. Re1 Rd7 33. Qe6+ Kg7 34.
Qg4 Kf8 35. Re6 Qf4 36. Rxf6+ exf6 37. Qxd7 Re8 38. Bc5+ Kg8 39. d6 Re2+ 40.
Bf2 Qe3 41. Qd8+ Kg7 42. Qe7+ Qxe7 43. dxe7 Rxe7 44. b4 Rb7 45. a3 Kf7 46. Kg3
Ke6 47. h4 gxh4+ 48. Kxh4 Rh7+ 49. Kg3 Rh1 50. b5 a5 51. c5 Bd3 52. b6 Kd5 53.
a4 Bc2 54. b7 Rb1 55. c6 Kxc6 56. Bd4 Rxb7 57. Bxf6 Bxa4 58. f4 Bb3 59. Kf2 a4
60. Ke3 a3 61. Ba1 a2 62. Kd2 Be6 0-1

[Event "Madrid ch Veteranos 2122"]
[Site "Madrid ESP"]
[Date "2022.04.04"]
[Round "6.5"]
[White "Lorenzo Bailador, Alfredo"]
[Black "Lopez Molina, Santiago Jorge"]
[Result "1/2-1/2"]
[WhiteElo "1985"]
[BlackElo "1868"]
[PlyCount "99"]
[EventDate "2022.03.28"]
[EventType "swiss"]
[EventRounds "9"]
[EventCountry "ESP"]
[SourceTitle "Ajedrez en Madrid"]
[Source "lmi"]
[SourceDate "2022.03.28"]
[SourceVersion "1"]
[SourceVersionDate "2022.04.18"]
[SourceQuality "1"]

1. e4 Nf6 2. d3 d5 3. Nd2 g6 4. Ngf3 Bg7 5. c3 O-O 6. Be2 Nc6 7. O-O a5 8. a4
dxe4 9. dxe4 e5 10. Qc2 Qe7 11. Re1 Ne8 12. Nc4 Nd6 13. b3 Be6 14. Ba3 Rad8 15.
Rad1 Bxc4 16. Bxc4 Rfe8 17. Rd5 Qf6 18. Bf1 Qf4 19. Bxd6 cxd6 20. Red1 Re6 21.
Bc4 Bf8 22. Rb5 Re7 23. Bd5 Rc7 24. Qd2 Qxd2 25. Nxd2 Ne7 26. Nc4 Nxd5 27.
Rdxd5 Rdc8 28. g3 Rxc4 29. bxc4 Rxc4 30. Rxb7 Rxa4 31. Rb8 Kg7 32. Ra8 Rxe4 33.
Raxa5 Rc4 34. Rd3 Be7 35. Rad5 f5 36. f3 Kf6 37. Kf1 Ke6 38. Rb5 h5 39. h4 Ra4
40. Rb3 Ra1+ 41. Ke2 Ra2+ 42. Rd2 Ra1 43. Ke3 Re1+ 44. Kf2 Rc1 45. Ke2 Rg1 46.
Kf2 Rc1 47. Ra2 f4 48. gxf4 Bxh4+ 49. Kg2 exf4 50. Re2+ 1/2-1/2

[Event "Madrid ch Veteranos 2122"]
[Site "Madrid ESP"]
[Date "2022.04.04"]
[Round "6.6"]
[White "Marcos Herrero, Francisco"]
[Black "Luque Ibanes, Manuel"]
[Result "0-1"]
[WhiteElo "1897"]
[BlackElo "1966"]
[PlyCount "68"]
[EventDate "2022.03.28"]
[EventType "swiss"]
[EventRounds "9"]
[EventCountry "ESP"]
[SourceTitle "Ajedrez en Madrid"]
[Source "lmi"]
[SourceDate "2022.03.28"]
[SourceVersion "1"]
[SourceVersionDate "2022.04.18"]
[SourceQuality "1"]

1. c4 e5 2. g3 d6 3. Bg2 f5 4. Nc3 Nf6 5. e3 Be7 6. Nge2 O-O 7. d4 c6 8. O-O
Qe8 9. b3 Na6 10. Ba3 Nc7 11. Qc2 Ne6 12. Rad1 e4 13. d5 Nc5 14. dxc6 bxc6 15.
Rd4 Ng4 16. Nc1 Rf6 17. Qe2 Rh6 18. h3 Ne5 19. Rfd1 Ne6 20. Rxd6 Bxd6 21. Rxd6
Nf7 22. Rd1 Neg5 23. h4 Ne6 24. Nxe4 fxe4 25. Bxe4 Nf8 26. Bg2 g5 27. hxg5 Nxg5
28. Nd3 Bh3 29. Nf4 Bxg2 30. Kxg2 Qe4+ 31. f3 Nxf3 32. Kf2 Rh2+ 33. Ng2 Rxg2+
34. Kxg2 Nd4+ 0-1

[Event "Madrid ch Veteranos 2122"]
[Site "Madrid ESP"]
[Date "2022.04.04"]
[Round "6.7"]
[White "Moreno Torrero, Javier"]
[Black "Marin Aso, Jose Luis"]
[Result "1-0"]
[WhiteElo "1952"]
[BlackElo "1834"]
[PlyCount "113"]
[EventDate "2022.03.28"]
[EventType "swiss"]
[EventRounds "9"]
[EventCountry "ESP"]
[SourceTitle "Ajedrez en Madrid"]
[Source "lmi"]
[SourceDate "2022.03.28"]
[SourceVersion "1"]
[SourceVersionDate "2022.04.18"]
[SourceQuality "1"]

1. e4 c5 2. Nf3 e6 3. d4 cxd4 4. Nxd4 Nc6 5. Nb5 d6 6. Bf4 e5 7. Be3 Be7 8.
N1c3 a6 9. Na3 Nf6 10. Nd5 Nxd5 11. exd5 Nd4 12. Bxd4 exd4 13. Qxd4 O-O 14.
O-O-O Bf6 15. Qd2 b5 16. f4 Bf5 17. Bd3 Qd7 18. h3 Rac8 19. g4 Bxd3 20. Qxd3
Rc5 21. g5 Be7 22. Nb1 Rfc8 23. Rh2 Rc4 24. Rf1 Qa7 25. Rhf2 Rd4 26. Qf5 Qb7
27. Rd1 Rdc4 28. Nc3 g6 29. Qg4 b4 30. Nb1 Qc7 31. Rdd2 Qa5 32. a3 Bf8 33. axb4
Qxb4 34. Na3 R4c7 35. f5 Qxg4 36. hxg4 gxf5 37. gxf5 f6 38. Rg2 fxg5 39. Rxg5+
Kh8 40. Rh5 Bg7 41. Rf2 Bd4 42. Re2 Rg8 43. c3 Be5 44. Kc2 Rc5 45. c4 Rb8 46.
b3 Ra5 47. Rxe5 dxe5 48. Kb2 Rc5 49. Kc3 a5 50. f6 Rf8 51. Rxe5 Rxf6 52. Kd4
Rc8 53. Re4 Rf3 54. d6 Rd8 55. c5 Rxb3 56. Nc4 a4 57. c6 1-0

[Event "Madrid ch Veteranos 2122"]
[Site "Madrid ESP"]
[Date "2022.04.04"]
[Round "6.8"]
[White "Rojas Pozo, Jose Luis"]
[Black "De Paz Nistal, Santiago"]
[Result "1/2-1/2"]
[WhiteElo "1856"]
[BlackElo "1873"]
[PlyCount "97"]
[EventDate "2022.03.28"]
[EventType "swiss"]
[EventRounds "9"]
[EventCountry "ESP"]
[SourceTitle "Ajedrez en Madrid"]
[Source "lmi"]
[SourceDate "2022.03.28"]
[SourceVersion "1"]
[SourceVersionDate "2022.04.18"]
[SourceQuality "1"]

1. d4 Nf6 2. c4 g6 3. Nc3 d5 4. Nf3 Bg7 5. Qb3 dxc4 6. Qxc4 O-O 7. e4 Nfd7 8.
Be3 Nb6 9. Qb3 c6 10. Rd1 Bg4 11. Be2 Qc7 12. O-O N8d7 13. Rc1 Qd8 14. Rfd1 Qb8
15. a4 Nf6 16. a5 Nbd7 17. e5 Be6 18. Bc4 Bxc4 19. Qxc4 Ng4 20. Bg5 e6 21. b4
a6 22. Ne4 Nh6 23. h3 Qc7 24. g4 Kh8 25. Be7 Nxe5 26. dxe5 Qxe7 27. Qc5 Qc7 28.
Qd6 Rac8 29. Rd3 Ng8 30. Rcd1 Ne7 31. Qxc7 Rxc7 32. Rd7 Rfc8 33. Rxc7 Rxc7 34.
Rd8+ Ng8 35. Nc5 h6 36. Rb8 Kh7 37. Rxb7 Rxb7 38. Nxb7 Bf8 39. Nc5 Bxc5 40.
bxc5 Ne7 41. Nd4 Kg7 42. Kg2 Kf8 43. Kf3 Ke8 44. Ke4 Kd7 45. f4 Nd5 46. f5 g5
47. Nf3 Nc3+ 48. Kd3 Nd5 49. Ke4 1/2-1/2

[Event "Madrid ch Veteranos 2122"]
[Site "Madrid ESP"]
[Date "2022.04.04"]
[Round "6.9"]
[White "Martin Rodriguez, Emilio"]
[Black "Vinas Lopez, Carlos"]
[Result "1-0"]
[WhiteElo "2032"]
[BlackElo "1860"]
[PlyCount "31"]
[EventDate "2022.03.28"]
[EventType "swiss"]
[EventRounds "9"]
[EventCountry "ESP"]
[SourceTitle "Ajedrez en Madrid"]
[Source "lmi"]
[SourceDate "2022.03.28"]
[SourceVersion "1"]
[SourceVersionDate "2022.04.18"]
[SourceQuality "1"]

1. d4 Nf6 2. Nf3 c5 3. e3 b6 4. d5 d6 5. Nc3 g6 6. Bb5+ Nbd7 7. e4 Ng4 8. Ng5
h6 9. Ne6 fxe6 10. Qxg4 Bg7 11. dxe6 O-O 12. Bxd7 Kh7 13. O-O Ba6 14. Bb5 Bxb5
15. Nxb5 a6 16. Nc3 1-0

[Event "Madrid ch Veteranos 2122"]
[Site "Madrid ESP"]
[Date "2022.04.04"]
[Round "6.11"]
[White "Vazquez Gonzalez, Francisco"]
[Black "Martin Martin, Luis Vicente"]
[Result "0-1"]
[WhiteElo "1851"]
[BlackElo "1927"]
[PlyCount "78"]
[EventDate "2022.03.28"]
[EventType "swiss"]
[EventRounds "9"]
[EventCountry "ESP"]
[SourceTitle "Ajedrez en Madrid"]
[Source "lmi"]
[SourceDate "2022.03.28"]
[SourceVersion "1"]
[SourceVersionDate "2022.04.18"]
[SourceQuality "1"]

1. e4 d5 2. exd5 Qxd5 3. d4 e5 4. dxe5 Qxd1+ 5. Kxd1 Nc6 6. f4 Bf5 7. c3 O-O-O+
8. Nd2 Bc5 9. Bc4 f6 10. Ngf3 Be3 11. g3 Bg4 12. Be2 fxe5 13. Nxe5 Nxe5 14.
fxe5 Nh6 15. Bxg4+ Nxg4 16. Ke2 Rhe8 17. h3 Bxd2 18. hxg4 Rxe5+ 19. Kf3 Rf8+
20. Kg2 Re2+ 21. Kh3 Bxc1 22. Raxc1 Rxb2 23. Rce1 Rf7 24. Rhf1 Rxf1 25. Rxf1 b5
26. Rf7 g6 27. Rxh7 Rxa2 28. g5 Rd2 29. Rh8+ Kb7 30. Rf8 a5 31. Rf6 Rd6 32. Kg4
a4 33. Rf2 Kc6 34. Kf4 Re6 35. Rb2 Kc5 36. Rb4 a3 37. Rb3 Rb6 38. Rb1 a2 39.
Ra1 Kc4 0-1

[Event "Madrid ch Veteranos 2122"]
[Site "Madrid ESP"]
[Date "2022.04.04"]
[Round "6.12"]
[White "Toledo Aguirre, Gonzalo"]
[Black "Alberdi Garcia, Carlos Alfonso"]
[Result "1/2-1/2"]
[WhiteElo "1879"]
[BlackElo "1681"]
[PlyCount "83"]
[EventDate "2022.03.28"]
[EventType "swiss"]
[EventRounds "9"]
[EventCountry "ESP"]
[SourceTitle "Ajedrez en Madrid"]
[Source "lmi"]
[SourceDate "2022.03.28"]
[SourceVersion "1"]
[SourceVersionDate "2022.04.18"]
[SourceQuality "1"]

1. d4 Nf6 2. c4 e6 3. Nc3 Bb4 4. e3 b6 5. Nge2 Bb7 6. a3 Be7 7. Nf4 d6 8. d5 e5
9. Nd3 Nbd7 10. e4 Nf8 11. Be2 Ng6 12. O-O O-O 13. Be3 Bc8 14. b4 Ba6 15. c5
Bxd3 16. cxd6 Bxe4 17. dxe7 Nxe7 18. Nxe4 Nxe4 19. Qc2 Nf6 20. Bg5 Qd6 21. Rfd1
Rad8 22. Rac1 Nfxd5 23. Bc4 c6 24. b5 f6 25. Bd2 Kh8 26. bxc6 Qxc6 27. Qb3 Qb7
28. Be1 Nf4 29. f3 Rxd1 30. Rxd1 Qc7 31. g3 Nfg6 32. Bb4 Rd8 33. Re1 Qd7 34.
Bc3 Qc6 35. Bb2 Nf5 36. Re2 Nd4 37. Bxd4 Rxd4 38. Bb5 Qd5 39. Qb2 Rd1+ 40. Kg2
Ne7 41. Qc2 Qd6 42. a4 1/2-1/2

[Event "Madrid ch Veteranos 2122"]
[Site "Madrid ESP"]
[Date "2022.04.04"]
[Round "6.13"]
[White "Garcia Martin, Esteban"]
[Black "Hurtado Garrido, Reyes"]
[Result "1-0"]
[WhiteElo "1895"]
[BlackElo "1622"]
[PlyCount "49"]
[EventDate "2022.03.28"]
[EventType "swiss"]
[EventRounds "9"]
[EventCountry "ESP"]
[SourceTitle "Ajedrez en Madrid"]
[Source "lmi"]
[SourceDate "2022.03.28"]
[SourceVersion "1"]
[SourceVersionDate "2022.04.18"]
[SourceQuality "1"]

1. c4 Nf6 2. Nc3 e5 3. g3 c6 4. e4 Bc5 5. Bg2 d6 6. Nge2 Bg4 7. O-O Qd7 8. d3
Bh3 9. d4 Bxg2 10. Kxg2 Bb4 11. Qd3 Na6 12. a3 Bxc3 13. bxc3 c5 14. Bg5 Rd8 15.
Rfe1 Qg4 16. Bxf6 gxf6 17. h3 Qg5 18. f4 Qg6 19. Rad1 O-O 20. Qf3 exd4 21. cxd4
cxd4 22. Nxd4 Nc5 23. Nf5 Rd7 24. Rxd6 Rxd6 25. Ne7+ 1-0

[Event "Madrid ch Veteranos 2122"]
[Site "Madrid ESP"]
[Date "2022.04.04"]
[Round "6.14"]
[White "Jimenez Gonzalez, Marcos"]
[Black "Esteban Amo, Jose M."]
[Result "1/2-1/2"]
[WhiteElo "1761"]
[BlackElo "1874"]
[PlyCount "48"]
[EventDate "2022.03.28"]
[EventType "swiss"]
[EventRounds "9"]
[EventCountry "ESP"]
[SourceTitle "Ajedrez en Madrid"]
[Source "lmi"]
[SourceDate "2022.03.28"]
[SourceVersion "1"]
[SourceVersionDate "2022.04.18"]
[SourceQuality "1"]

1. c4 f5 2. g3 Nf6 3. Bg2 d6 4. Nc3 e5 5. d4 exd4 6. Qxd4 Nc6 7. Qd1 Be7 8. Nf3
h6 9. b3 O-O 10. O-O Bd7 11. Bb2 Rb8 12. Rc1 Ne5 13. Nd5 Nxf3+ 14. exf3 Bc6 15.
Nxe7+ Qxe7 16. Re1 Qf7 17. Qd2 b6 18. Re2 Rbe8 19. Rce1 Rxe2 20. Rxe2 Re8 21.
Rxe8+ Nxe8 22. f4 Bxg2 23. Kxg2 Qe6 24. f3 Nf6 1/2-1/2

[Event "Madrid ch Veteranos 2122"]
[Site "Madrid ESP"]
[Date "2022.04.04"]
[Round "6.15"]
[White "Pareja Vicente, Antonio"]
[Black "Garcia Galeote, Lorenzo"]
[Result "0-1"]
[WhiteElo "1604"]
[BlackElo "1862"]
[PlyCount "114"]
[EventDate "2022.03.28"]
[EventType "swiss"]
[EventRounds "9"]
[EventCountry "ESP"]
[SourceTitle "Ajedrez en Madrid"]
[Source "lmi"]
[SourceDate "2022.03.28"]
[SourceVersion "1"]
[SourceVersionDate "2022.04.18"]
[SourceQuality "1"]

1. e4 Nc6 2. Nc3 Nf6 3. f4 d6 4. Nf3 Bg4 5. Be2 e5 6. O-O Be7 7. d3 O-O 8. f5
d5 9. Bg5 Bxf3 10. Bxf6 Bxe2 11. Bxe7 Bxd1 12. Bxd8 Bxc2 13. Bxc7 Bxd3 14. exd5
Bxf1 15. dxc6 Ba6 16. cxb7 Bxb7 17. Bxe5 Rfd8 18. Bf4 Rd4 19. g3 f6 20. Re1 Kf7
21. Nb5 Rd7 22. Nd6+ Kf8 23. b4 Rad8 24. Nxb7 Rxb7 25. Rb1 Rd5 26. g4 Rd4 27.
Bg3 Rxg4 28. b5 Rd4 29. Bf2 Rd5 30. a4 Rxf5 31. Rc1 Rf4 32. a5 Rxb5 33. a6 Ra5
34. Bg3 Rfa4 35. Rc8+ Kf7 36. Rc7+ Kg6 37. Rxa7 Rxa6 38. Rb7 Ra2 39. Rc7 Rb6
40. Rc1 Rb5 41. Kf1 Kf5 42. Kg1 h5 43. Rf1+ Kg4 44. Rf4+ Kg5 45. Rf1 Rb4 46.
Kh1 Rab2 47. Rg1 Kh6 48. Bd6 Rg4 49. Rf1 Rc2 50. Bf4+ g5 51. Be3 Kg6 52. Bb6
Rh4 53. Bf2 Rf4 54. Kg1 h4 55. Kg2 g4 56. Kg1 h3 57. Bg3 Rg2+ 0-1

[Event "Madrid ch Veteranos 2122"]
[Site "Madrid ESP"]
[Date "2022.04.04"]
[Round "6.16"]
[White "Fiz Criado, Fidel"]
[Black "Lobato Palomo, Manuel"]
[Result "1-0"]
[WhiteElo "1861"]
[BlackElo "1716"]
[PlyCount "79"]
[EventDate "2022.03.28"]
[EventType "swiss"]
[EventRounds "9"]
[EventCountry "ESP"]
[SourceTitle "Ajedrez en Madrid"]
[Source "lmi"]
[SourceDate "2022.03.28"]
[SourceVersion "1"]
[SourceVersionDate "2022.04.18"]
[SourceQuality "1"]

1. e4 e6 2. d4 d5 3. Nc3 Nc6 4. exd5 exd5 5. Nf3 Bb4 6. Bd3 Nge7 7. O-O O-O 8.
a3 Bxc3 9. bxc3 Bf5 10. Be2 Ng6 11. c4 Nce7 12. Bg5 f6 13. Be3 Qd6 14. c5 Qd7
15. c4 Kh8 16. Qb3 c6 17. Nd2 Rfe8 18. cxd5 Nxd5 19. Nc4 Ndf4 20. Rfe1 Nxe2+
21. Rxe2 Be6 22. Qb4 Bxc4 23. Qxc4 Re7 24. Rb2 Qg4 25. h3 Qe4 26. Qc2 Qd5 27.
g3 Rae8 28. Qd1 f5 29. Qh5 Qe4 30. Rab1 f4 31. gxf4 Nxf4 32. Qg4 g5 33. Kh2 Rg8
34. Rxb7 Rxb7 35. Rxb7 h5 36. Qg3 Ne2 37. Qe5+ Qxe5+ 38. dxe5 g4 39. e6 Nc3 40.
Bd4+ 1-0

[Event "Madrid ch Veteranos 2122"]
[Site "Madrid ESP"]
[Date "2022.04.04"]
[Round "6.17"]
[White "De Luna Butz, Alberto"]
[Black "Vukotic Jovsic, Dragan"]
[Result "1/2-1/2"]
[WhiteElo "1638"]
[BlackElo "1834"]
[PlyCount "120"]
[EventDate "2022.03.28"]
[EventType "swiss"]
[EventRounds "9"]
[EventCountry "ESP"]
[SourceTitle "Ajedrez en Madrid"]
[Source "lmi"]
[SourceDate "2022.03.28"]
[SourceVersion "1"]
[SourceVersionDate "2022.04.18"]
[SourceQuality "1"]

1. d4 d5 2. c4 e6 3. Nc3 Nf6 4. Nf3 Nbd7 5. Bf4 c5 6. e3 cxd4 7. exd4 dxc4 8.
Bxc4 Nb6 9. Bb3 Bd6 10. Bg5 O-O 11. O-O Be7 12. Qd2 Nbd5 13. Nxd5 Nxd5 14. Bxd5
Bxg5 15. Qxg5 Qxg5 16. Nxg5 exd5 17. Rac1 f6 18. Nf3 Bd7 19. Rfe1 Kf7 20. Rc7
Rfd8 21. Rxb7 Rab8 22. Rxa7 Rxb2 23. g3 Kf8 24. Kg2 g5 25. h3 h5 26. Re3 Bf5
27. Ree7 g4 28. Rf7+ Kg8 29. Rg7+ Kh8 30. hxg4 hxg4 31. Ne1 Re8 32. Rge7 Be4+
33. Kf1 Rxe7 34. Rxe7 Rxa2 35. Rc7 Rd2 36. Rc3 Rxd4 37. f3 gxf3 38. Nxf3 Rd3
39. Rxd3 Bxd3+ 40. Kf2 Kg7 41. Ke3 Be4 42. Nd4 Kf7 43. Kf4 Ke7 44. g4 Kd6 45.
g5 fxg5+ 46. Kxg5 Kc5 47. Ne6+ Kc4 48. Kf4 Bg6 49. Ke3 Be8 50. Nd4 Bd7 51. Ne2
Bf5 52. Nd4 Bd3 53. Ne6 Kc3 54. Nd4 Ba6 55. Ne6 Bc8 56. Nd4 Bd7 57. Ne2+ Kc4
58. Nd4 Bg4 59. Nc6 Kc5 60. Nd4 Kc4 1/2-1/2

[Event "Madrid ch Veteranos 2122"]
[Site "Madrid ESP"]
[Date "2022.04.04"]
[Round "6.18"]
[White "Sanchez Peral, Pedro"]
[Black "Hernandez Gutierrez, Jose"]
[Result "1-0"]
[WhiteElo "1797"]
[BlackElo "1732"]
[PlyCount "53"]
[EventDate "2022.03.28"]
[EventType "swiss"]
[EventRounds "9"]
[EventCountry "ESP"]
[SourceTitle "Ajedrez en Madrid"]
[Source "lmi"]
[SourceDate "2022.03.28"]
[SourceVersion "1"]
[SourceVersionDate "2022.04.18"]
[SourceQuality "1"]

1. e4 c6 2. d4 d5 3. exd5 cxd5 4. Bd3 Nc6 5. c3 Nf6 6. Bf4 Bg4 7. Qb3 Na5 8.
Qa4+ Bd7 9. Qc2 Qb6 10. Nf3 Bb5 11. O-O Bxd3 12. Qxd3 e6 13. Nbd2 Be7 14. Ne5
O-O 15. b3 Rfd8 16. Rfe1 Rac8 17. Re3 Nc6 18. Rh3 g6 19. Bg5 Re8 20. Qg3 Nxe5
21. dxe5 Nh5 22. Rxh5 Bc5 23. Rh3 Be7 24. Bf6 Qd8 25. Qh4 Bxf6 26. exf6 Kf8 27.
Qh6+ 1-0

[Event "Madrid ch Veteranos 2122"]
[Site "Madrid ESP"]
[Date "2022.04.04"]
[Round "6.19"]
[White "Camarero Izquierdo, Juan Carlos"]
[Black "Cano Mercado, Francisco Manuel"]
[Result "0-1"]
[WhiteElo "1861"]
[BlackElo "1715"]
[PlyCount "80"]
[EventDate "2022.03.28"]
[EventType "swiss"]
[EventRounds "9"]
[EventCountry "ESP"]
[SourceTitle "Ajedrez en Madrid"]
[Source "lmi"]
[SourceDate "2022.03.28"]
[SourceVersion "1"]
[SourceVersionDate "2022.04.18"]
[SourceQuality "1"]

1. d4 d5 2. Nc3 Nf6 3. Bg5 Nbd7 4. e3 c6 5. Qd2 h6 6. Bh4 Qa5 7. Bd3 e6 8. f4
Bb4 9. Nf3 c5 10. dxc5 Nxc5 11. Bxf6 gxf6 12. O-O Na4 13. a3 Bxc3 14. bxc3 Nxc3
15. Rfb1 Qc5 16. Rb3 Ne4 17. Bxe4 dxe4 18. Nd4 a6 19. Rd1 O-O 20. Ne2 b5 21.
Rc3 Qh5 22. Ng3 Qg6 23. Rc7 Rb8 24. Qd4 Bb7 25. Qa7 Bd5 26. f5 Qg4 27. Rf1 Bc4
28. Re1 exf5 29. Qxa6 Be6 30. Ne2 Rbd8 31. Nd4 f4 32. h3 Qg3 33. Rf1 Bxh3 34.
Rf2 fxe3 35. Qxf6 Qxf2+ 36. Qxf2 exf2+ 37. Kxf2 Rxd4 38. gxh3 Rc4 39. Rxc4 bxc4
40. Ke3 f5 0-1

[Event "Madrid ch Veteranos 2122"]
[Site "Madrid ESP"]
[Date "2022.04.04"]
[Round "6.20"]
[White "Fernandez Garcia, Ignacio"]
[Black "Marin Lopez, Juan Jose"]
[Result "0-1"]
[WhiteElo "1844"]
[BlackElo "1707"]
[PlyCount "62"]
[EventDate "2022.03.28"]
[EventType "swiss"]
[EventRounds "9"]
[EventCountry "ESP"]
[SourceTitle "Ajedrez en Madrid"]
[Source "lmi"]
[SourceDate "2022.03.28"]
[SourceVersion "1"]
[SourceVersionDate "2022.04.18"]
[SourceQuality "1"]

1. e4 e5 2. Nf3 Nc6 3. Bc4 Nf6 4. Ng5 d5 5. exd5 b5 6. Bb3 Nd4 7. d3 a5 8. c4
Bb4+ 9. Nc3 a4 10. Bc2 Bf5 11. O-O Nxc2 12. Qxc2 bxc4 13. Nce4 cxd3 14. Qc4
Nxe4 15. Nxe4 Be7 16. Rd1 O-O 17. Qxd3 Qb8 18. Nf6+ Bxf6 19. Qxf5 Qb4 20. Rb1
Rad8 21. Bg5 Bxg5 22. Qxg5 Rfe8 23. b3 axb3 24. Rxb3 Rxd5 25. Rdb1 Qd4 26. g3
h6 27. Qc1 e4 28. Qxc7 e3 29. Qf4 Qxf4 30. gxf4 e2 31. Re1 Rd1 0-1

[Event "Madrid ch Veteranos 2122"]
[Site "Madrid ESP"]
[Date "2022.04.04"]
[Round "6.21"]
[White "Yeves Miquel, Enrique"]
[Black "Lopez Manso, Jeronimo"]
[Result "1-0"]
[WhiteElo "1832"]
[BlackElo "1410"]
[PlyCount "65"]
[EventDate "2022.03.28"]
[EventType "swiss"]
[EventRounds "9"]
[EventCountry "ESP"]
[SourceTitle "Ajedrez en Madrid"]
[Source "lmi"]
[SourceDate "2022.03.28"]
[SourceVersion "1"]
[SourceVersionDate "2022.04.18"]
[SourceQuality "1"]

1. d4 d5 2. Nf3 Nf6 3. c4 e6 4. g3 c5 5. cxd5 exd5 6. Nc3 Nc6 7. Bg2 Ne4 8. O-O
Be6 9. dxc5 h6 10. Na4 Nxc5 11. Be3 Ne4 12. Rc1 Be7 13. Nd4 Ne5 14. Nxe6 fxe6
15. Bxe4 dxe4 16. Qb3 Qa5 17. Qxb7 Rd8 18. Qxe4 O-O 19. Bc5 Bxc5 20. Rxc5 Qd2
21. Rxe5 Rd4 22. Qc6 Rd6 23. Qc3 Qxc3 24. Nxc3 Rd2 25. Na4 Kf7 26. Rc1 Rb8 27.
Rc7+ Kf6 28. Re4 Rd1+ 29. Kg2 Kf5 30. f3 g5 31. g4+ Kf6 32. Rxa7 Ra1 33. Nc5
1-0

[Event "Madrid ch Veteranos 2122"]
[Site "Madrid ESP"]
[Date "2022.04.04"]
[Round "6.22"]
[White "Jimenez Ascarza, Jose Ignacio"]
[Black "Martin Sanchez, Pablo"]
[Result "0-1"]
[WhiteElo "1445"]
[BlackElo "1766"]
[PlyCount "73"]
[EventDate "2022.03.28"]
[EventType "swiss"]
[EventRounds "9"]
[EventCountry "ESP"]
[SourceTitle "Ajedrez en Madrid"]
[Source "lmi"]
[SourceDate "2022.03.28"]
[SourceVersion "1"]
[SourceVersionDate "2022.04.18"]
[SourceQuality "1"]

1. e4 c5 2. Nf3 Nc6 3. d4 cxd4 4. Nxd4 Nf6 5. Nc3 e6 6. a3 a6 7. Be3 d5 8. Nxc6
bxc6 9. e5 Nd7 10. f4 c5 11. Bf2 Bb7 12. Qf3 Rb8 13. b3 d4 14. Ne4 Qa5+ 15. Kd1
Be7 16. Bd3 O-O 17. Ke2 f5 18. exf6 Bxf6 19. Qh3 Qb6 20. Ng5 h6 21. Ne4 Bd8 22.
Qg4 Qc6 23. b4 e5 24. f5 c4 25. f6 cxd3+ 26. cxd3 Nxf6 27. Nxf6+ Bxf6 28. Rac1
Qe8 29. Rc7 e4 30. Rhc1 exd3+ 31. Kxd3 Bd5 32. Bxd4 Bxd4 33. Kxd4 Bf7 34. R1c6
Rd8+ 35. Kc3 Qe3+ 36. Kb2 Rd2+ 37. Kb1 0-1